[Event "TUR Cup"]
[Site "Antalya"]
[Date "2020.01.30"]
[Round "8"]
[White "Sar, Sinan"]
[Black "Kilic, Huseyin"]
[Result "1/2-1/2"]
[WhiteElo "1009"]
[BlackElo "1785"]
[PlyCount "70"]
[EventDate "2020.01.26"]
[EventType "swiss"]
[EventRounds "11"]
[EventCountry "TUR"]
[SourceTitle "CBM 194 Extra"]
[Source "ChessBase"]
[SourceDate "2020.03.31"]
[SourceVersion "1"]
[SourceVersionDate "2020.03.31"]
[SourceQuality "1"]

1. e4 e5 2. Nf3 Nc6 3. Bb5 Bc5 4. 0-0 d6 5. h3 f5 6. d3 fxe4 7. dxe4 h6 8. c3 a6 9. Ba4 Nf6 10. Re1 Bd7 11. Bb3 b5 12. Nbd2 Ne7 13. Nf1 c6 14. c4 Qb6 15. Be3 Be6 16. Qxd6 Bxd6 17. Bxb6 Bxc4 18. Bxc4 bxc4 19. Rad1 Bb4 20. Re2 0-0 21. a3 Rab8 22. axb4 Rxb6 23. Nxe5 Rxb4 24. Ng3 Rfb8 25. Rd6 Ne8 26. Re6 R4b7 27. Rxe7 Rxe7 28. Nxc6 Reb7 29. Nxb8 Rxb8 30. e5 Rb7 31. Nf5 Kf7 32. g4 Ke6 33. f4 c3 34. Kg2 Rb4 35. bxc3 Rxf4 1/2-1/2

[Event "TUR Cup"]
[Site "Antalya"]
[Date "2020.01.28"]
[Round "4"]
[White "Aktay, Hasan Nezih"]
[Black "Sar, Sinan"]
[Result "0-1"]
[WhiteElo "1124"]
[BlackElo "1009"]
[PlyCount "118"]
[EventDate "2020.01.26"]
[EventType "swiss"]
[EventRounds "11"]
[EventCountry "TUR"]
[SourceTitle "CBM 194 Extra"]
[Source "ChessBase"]
[SourceDate "2020.03.31"]
[SourceVersion "1"]
[SourceVersionDate "2020.03.31"]
[SourceQuality "1"]

1. Nf3 c5 2. c4 Nc6 3. g3 b6 4. Bg2 Qc7 5. Nc3 e6 6. d4 Bb7 7. d5 Nd8 8. Nb5 Qb8 9. d6 Nc6 10. Nc7+ Kd8 11. Nxa8 Bxa8 12. Bf4 Nf6 13. 0-0 Ne8 14. Ne5 Nxe5 15. Bxa8 Qxa8 16. Bxe5 Qc6 17. Qd3 f6 18. Bc3 e5 19. e4 Nxd6 20. f3 Be7 21. Qd5 Qc8 22. Rad1 Qb8 23. b3 Rf8 24. Rf2 Kc7 25. b4 Qb7 26. bxc5 Qxd5 27. cxb6+ axb6 28. cxd5 Kb7 29. Bb4 Rc8 30. Rdd2 Rc1+ 31. Kg2 Rb1 32. Rb2 Rd1 33. a3 h6 34. Ba5 Nc4 35. Bb4 Bxb4 36. Rxb4 Nxa3 37. Ra4 Ra1 38. Rb4 d6 39. Rfb2 b5 40. R2b3 Kb6 41. Rc3 Ka5 42. Rcb3 h5 43. Rb2 g6 44. h3 g5 45. f4 g4 46. R4b3 Ka4 47. Rb4+ Ka5 48. hxg4 hxg4 49. R4b3 Ka4 50. fxe5 fxe5 51. Kf2 Ka5 52. Rc2 Nxc2 53. Rc3 Nd4 54. Rc8 Kb4 55. Rg8 Ra2+ 56. Kf1 Kc3 57. Rxg4 b4 58. Rg6 Nb5 59. Rf6 b3 0-1

[Event "TUR Cup"]
[Site "Antalya"]
[Date "2020.01.27"]
[Round "3"]
[White "Evin, Abdulkerim"]
[Black "Sar, Sinan"]
[Result "1-0"]
[WhiteElo "1355"]
[BlackElo "1009"]
[PlyCount "107"]
[EventDate "2020.01.26"]
[EventType "swiss"]
[EventRounds "11"]
[EventCountry "TUR"]
[SourceTitle "CBM 194 Extra"]
[Source "ChessBase"]
[SourceDate "2020.03.31"]
[SourceVersion "1"]
[SourceVersionDate "2020.03.31"]
[SourceQuality "1"]

1. e4 c5 2. Nf3 g6 3. Bc4 Bg7 4. c3 a6 5. a4 Nf6 6. d3 d6 7. Be3 Bg4 8. Bxf7+ Kf8 9. Ba2 Nc6 10. Nbd2 Bd7 11. Ng5 Ne5 12. Qc2 Qc7 13. 0-0 h6 14. Ne6+ Bxe6 15. Bxe6 Ke8 16. h3 Rd8 17. f4 Nf7 18. Qb3 Rf8 19. a5 Nd7 20. Nf3 Nb8 21. Nh4 Nh8 22. d4 Qc6 23. Bd5 Qb5 24. Qxb5+ axb5 25. dxc5 dxc5 26. Bxc5 Rxd5 27. exd5 Bf6 28. Nf3 Nd7 29. Bd4 Kd8 30. Rae1 Rf7 31. Re6 g5 32. fxg5 hxg5 33. Rfe1 Ng6 34. Nxg5 Bxd4+ 35. cxd4 Rg7 36. d6 exd6 37. Re8+ Kc7 38. Ne6+ Kc6 39. Nxg7 Nf4 40. Nf5 b4 41. R8e6 Nb8 42. Rxd6+ Kb5 43. Rb6+ Ka4 44. Rxb7 Nc6 45. a6 Nd3 46. Re2 Nc1 47. Re3 Na5 48. Rc7 Ncb3 49. a7 Kb5 50. a8Q Ka4 51. Rxb3 Kxb3 52. Qxa5 Kxb2 53. Qxb4+ Ka1 54. Ra7# 1-0

[Event "TUR Cup"]
[Site "Antalya"]
[Date "2019.01.31"]
[Round "7"]
[White "Bulgan, Tansel"]
[Black "Sar, Sinan"]
[Result "1/2-1/2"]
[WhiteElo "1233"]
[BlackElo "1009"]
[PlyCount "109"]
[EventDate "2019.01.27"]
[EventType "swiss"]
[EventRounds "11"]
[EventCountry "TUR"]
[SourceTitle "CBM 188 Extra"]
[Source "ChessBase"]
[SourceDate "2019.02.26"]
[SourceVersion "1"]
[SourceVersionDate "2019.02.26"]
[SourceQuality "1"]

1. e4 c5 2. Nf3 Nf6 3. Nc3 Nc6 4. d4 cxd4 5. Nxd4 g6 6. Bf4 e5 7. Nxc6 bxc6 8. Bxe5 Bg7 9. Bd6 Qb6 10. Na4 Qa5+ 11. Nc3 Nxe4 12. Qd3 Nxd6 13. Qxd6 Bxc3+ 14. Kd1 Bxb2 15. Rb1 Qxa2 16. Rxb2 Qxb2 17. Kd2 a5 18. Bd3 Qb4+ 19. Qxb4 axb4 20. Re1+ Kf8 21. Re4 c5 22. Bc4 Bb7 23. Re5 d6 24. Re3 Bxg2 25. f3 Bh3 26. f4 Kg7 27. Rxh3 Rad8 28. Bd5 h5 29. Rf3 h4 30. h3 Rh5 31. Rd3 Rf5 32. Ke3 Re8+ 33. Kf3 g5 34. Kg4 Rxf4+ 35. Kxg5 Rf2 36. Kxh4 Rxc2 37. Rg3+ Kh6 38. Rf3 c4 39. Rf6+ Kg7 40. Rxf7+ Kg6 41. Kg4 Re5 42. Rf5 Rg2+ 43. Bxg2 Rxf5 44. Be4 Kf6 45. Bxf5 c3 46. Bc2 d5 47. Kf4 Ke6 48. h4 d4 49. Ke4 d3 50. Kxd3 Kf5 51. Bd1 Kg6 52. h5+ Kh6 53. Kc2 b3+ 54. Kxb3 c2 55. Kxc2 1/2-1/2

[Event "TUR Cup"]
[Site "Antalya"]
[Date "2019.01.30"]
[Round "6"]
[White "Sar, Sinan"]
[Black "Isik, Mehmet"]
[Result "0-1"]
[WhiteElo "1009"]
[BlackElo "1334"]
[PlyCount "88"]
[EventDate "2019.01.27"]
[EventType "swiss"]
[EventRounds "11"]
[EventCountry "TUR"]
[SourceTitle "CBM 188 Extra"]
[Source "ChessBase"]
[SourceDate "2019.02.26"]
[SourceVersion "1"]
[SourceVersionDate "2019.02.26"]
[SourceQuality "1"]

1. e4 d6 2. d4 Nf6 3. Nc3 g6 4. f4 Bg7 5. Nf3 0-0 6. e5 Ne8 7. Be3 b6 8. Be2 Bb7 9. h4 dxe5 10. fxe5 Nd7 11. h5 c5 12. hxg6 fxg6 13. Bc4+ Kh8 14. Ng5 Nef6 15. exf6 Nxf6 16. Nf7+ Rxf7 17. Bxf7 Qd6 18. Bxg6 Qg3+ 19. Bf2 Qxg6 20. Qd3 Qg5 21. Be3 Qg3+ 22. Bf2 Qg5 23. Be3 Qg4 24. Ne2 Be4 25. Qd2 Bxg2 26. Rg1 Ne4 27. Qd3 Qh4+ 28. Kd1 Bf3 29. c3 Nf2+ 30. Bxf2 Qxf2 31. Kc2 Qxe2+ 32. Qxe2 Bxe2 33. Rae1 Bh5 34. Rxe7 Bg6+ 35. Kb3 cxd4 36. Rd7 d3 37. c4 Bh6 38. Rh1 Be3 39. Re1 Bc5 40. a3 a5 41. Kc3 a4 42. Kd2 Rf8 43. Ra7 Rf2+ 44. Kc3 Rc2# 0-1